| 000 | 02245cam a22005294i 4500 | ||
|---|---|---|---|
| 003 | PE-LiUPU | ||
| 005 | 20250731180049.0 | ||
| 008 | 150617s r 000 0 d | ||
| 020 | _a8420505196 | ||
| 035 | _a(Sirsi) i9788420505190 | ||
| 040 |
_aPE-LiUPU _bspa _cPE-LiUPU _erda |
||
| 049 | _aPRUA | ||
| 082 | 0 | 4 |
_a545.02 _bN36 _221 |
| 100 | 1 |
_aNegro, José Luis, _eautor. |
|
| 245 | 1 | 0 |
_aLenguaje químico / _cJ. L. Negro. |
| 264 | 1 |
_aMadrid : _bAlhambra, _c1975. |
|
| 300 |
_a296 páginas : _bil. ; _c24 centímetros |
||
| 336 |
_atext _2rdacontent |
||
| 337 |
_aunmediated _2rdamedia |
||
| 338 |
_avolume _2rdacarrier |
||
| 490 | 0 |
_aTextos Auxiliares de Clases Prácticas. Vertix ; _v34 |
|
| 505 | 0 | _aElementos. Iones sencillos. Compuestos binarios. -Iones poliatómicos. Tradición admitida y generalización de la nomenclatura del átomo central. -Oxoácidos. Tradición y sistematización actual (átomo central). -Sales. -Derivados de los ácidos. -Polianiones. -Aductos y bertólidos. -Poliformismo. Isomería. -Tabla de grupos atómicos de uso corriente y (oficio) diverso. tabla de los principales números de coordinación. -Convenios generales en lenguaje químico orgánico. -Hidrocarburos acíclicos. -Sistemas cíclicos a. -Sistemas ciclicos b. -Sistemas cíclicos c. -Sistemas cíclicos d. -Sistemas cíclicos e. -Grupos funionales. -Análisis de algunos casos especiales. | |
| 526 | _aSEG44 | ||
| 526 | _aSEG26 | ||
| 526 | _aP159 | ||
| 526 | _aP155 | ||
| 526 | _aP154 | ||
| 526 | _aP153 | ||
| 526 | _aP150 | ||
| 526 | _aP100 | ||
| 526 | _aP31 | ||
| 526 | _aP30 | ||
| 526 | _aP26 | ||
| 526 | _aP25 | ||
| 526 | _aP24 | ||
| 526 | _aP22 | ||
| 526 | _aP15 | ||
| 526 | _aP10 | ||
| 650 | 0 | 4 |
_aQuímica _xTerminología. |
| 910 |
_ajck _bjvq _cjck _d20150616 |
||
| 942 |
_2ddc _cBOOK |
||
| 949 |
_a545.02 N36 _wDEWEY _c1 _i54452 _lCCODEBUL1 _mBUL _r0 _sY _tBOOK _u2015-6-17 _xEDUCACION _zUNKNOWN _0COMPRA _o.STAFF. Colección General |
||
| 994 |
_aC0 _bPEPRU |
||
| 596 | _a1 | ||
| 999 |
_a545.02 N36 _wDEWEY _c4654 _i54452 _e2017-5-23 _f2021-11-5 _g5 _lCCODEBUL1 _mBUL _n1 _r0 _sN _tBOOK _u2015-6-17 _xBIBLIOTECA _zUNKNOWN _0COMPRA _o.STAFF. Colección General _d4654 |
||
| 980 |
_81 _gALBERTO SANCHEZ Responsable de Automatización |
||